000 00670nam a2200229 i 4500
001 bg
100 1 _aKidyba, Andrzej
_d(1957- )
245 1 0 _aSpółka z ograniczoną odpowiedzialnością :
_bkomentarz /
_cAndrzej Kidyba.
250 _aWyd.2.
260 _aWarszawa :
_bC.H. Beck,
_c2001.
300 _aXIII, 816 s. ;
_c20 cm.
490 1 _aKomentarze Becka
650 9 _aSpółki z ograniczoną odpowiedzialnością
_xprawo
_zPolska
_ystan na 1999 r.
830 _aKomentarze Becka
020 _a8371109067
040 _cBPK
041 0 _apol
080 _a347.724(438)
920 _a83-7110-906-7
942 _cKS
008 s pl f |000 0 pol
999 _c39485
_d39485
856 _uhttp://koha.tu.koszalin.pl/cgi-bin/koha/opac-detail.pl?biblionumber=39485
_yKatalog online BPK